000
00272nam a22001217a 4500
999
_c
158532
_d
158532
082
_a
_b
100
_a
S R Sharma
245
_a
Research in history of education/
_c
by S R Sharma.
260
_a
New Delhi:
_b
Anmol,
_c
1994.
300
_a
224p.
650
_a
942
_c
BK